Consumer Behavior. (Record no. 349785)

000 -LEADER
fixed length control field 00595nam a22002417a 4500
003 - CONTROL NUMBER IDENTIFIER
control field OSt
005 - DATE AND TIME OF LATEST TRANSACTION
control field 20180116182959.0
008 - FIXED-LENGTH DATA ELEMENTS--GENERAL INFORMATION
fixed length control field 140919b xxu||||| |||| 00| 0 eng d
020 ## - INTERNATIONAL STANDARD BOOK NUMBER
International Standard Book Number 9780130673350
022 ## - INTERNATIONAL STANDARD SERIAL NUMBER
International Standard Serial Number 0130673358
040 ## - CATALOGING SOURCE
Transcribing agency 0
050 ## - LIBRARY OF CONGRESS CALL NUMBER
Classification number 658.8342
082 ## - DEWEY DECIMAL CLASSIFICATION NUMBER
Classification number 658.8342
100 ## - MAIN ENTRY--PERSONAL NAME
Personal name Schiffman,Leon G.
245 ## - TITLE STATEMENT
Title Consumer Behavior.
Statement of responsibility, etc. Leon G.Schiffman
250 ## - EDITION STATEMENT
Edition statement 8th.
260 ## - PUBLICATION, DISTRIBUTION, ETC.
Place of publication, distribution, etc. New Jersey
Name of publisher, distributor, etc. Pearson Prentice Hall
Date of publication, distribution, etc. 2004
300 ## - PHYSICAL DESCRIPTION
Extent 587p.
500 ## - GENERAL NOTE
General note Hard Cover
600 ## - SUBJECT ADDED ENTRY--PERSONAL NAME
Personal name Schiffman,Leon G.
700 ## - ADDED ENTRY--PERSONAL NAME
Personal name Schiffman,Leon G.
942 ## - ADDED ENTRY ELEMENTS (KOHA)
Source of classification or shelving scheme
Koha item type Book
Call number prefix 658.8342
Holdings
Withdrawn status Lost status Source of classification or shelving scheme Damaged status Not for loan Collection code Permanent Location Current Location Shelving location Date acquired Total Checkouts Full call number Barcode Date last seen Date last checked out Price effective from Koha item type
            Central Library (CL) Central Library (CL) General Stacks 09/19/2014 2 658.8342 SCH NBS5919 03/07/2017 09/21/2016 09/19/2014 Book
© 2023 Central Library, National University of Sciences and Technology. All Rights Reserved.